Adivinhe o lugar de uma cidade - Statistics

Estatísticas Gerais
  • Esse quiz foi jogado 104 vezes
  • A pontuação média é 14 de 15
Estatísticas das Respostas
Hint Resposta % Correto
É um local onde os estudantes entram para ler algum livro. Biblioteca
100%
As pessoas vão nesse local para assistir filmes. Cinema
100%
É um local onde as pessoas compram remédio. Farmácia
100%
É um local considerado como 'A Casa de Deus'. Igreja
100%
Muitos Times de Futebol tem um desses. Estádio
99%
As pessoas vão nesse local para malhar. Academia
98%
As pessoas doentes ou feridas vão para esse local. Hospital
98%
As pessoas vão nesse local para se alimentar. Restaurante
98%
Normalmente, esse local tem diversos itens históricos, como esculturas, quadros, etc. Museu
97%
Normalmente, as pessoas vão nesse local para delatar um roubo, agressão, etc. Delegacia
94%
Os Animais ficam em exposição nesse local. Zoológico
90%
Diferentemente da Biblioteca, as pessoas entram nesse local para comprar livros. Livraria
87%
As pessoas vão nesse local para abastecer seu veículo. Posto de Gasolina
84%
As pessoas vão nesse local para fazer compras. Supermercado
66%
Normalmente, há muitos shows e espetáculos nesse local. Teatro
58%
Nenhum quiz correspondente encontrado
Distribuição das Pontuações
Porcentagem de Pessoas com Cada Pontuação
Percentil de Números Respondidos
Sua Pontuação Histórica
Você não jogou esse quiz